NCERT Exemplar problems- Solutions class XII (Record no. 568499)

MARC details
000 -LEADER
fixed length control field 00528nam a22001937a 4500
008 - FIXED-LENGTH DATA ELEMENTS--GENERAL INFORMATION
fixed length control field 250221b |||||||| |||| 00| 0 eng d
020 ## - INTERNATIONAL STANDARD BOOK NUMBER
ISBN 9789351764700
Paper back/Hardbound pbk
041 ## - LANGUAGE CODE
Language code of text/sound track or separate title Eng
082 ## - DEWEY DECIMAL CLASSIFICATION NUMBER
Classification number 530
Item number SAN
100 ## - MAIN ENTRY--AUTHOR NAME
Personal name Sangeev Kumar
245 ## - TITLE STATEMENT
Title NCERT Exemplar problems- Solutions class XII
Sub Title Detailed explanation to all objective & Subjective problems1
250 ## - EDITION STATEMENT
Edition statement 1st ed
260 ## - PUBLICATION, DISTRIBUTION, ETC. (IMPRINT)
Place of publication Chennai
Name of publisher Arihant
300 ## - PHYSICAL DESCRIPTION
Number of Pages 263p.
650 ## - SUBJECT ADDED ENTRY--TOPICAL TERM
Topical Term Physics
700 ## - ADDED ENTRY--PERSONAL NAME
Personal name Sangeev Kumar
942 ## - ADDED ENTRY ELEMENTS (KOHA)
Koha item type English Books

No items available.

Find us on the map